000 00613nam a2200193Ia 4500
003 GCL
008 140319s9999 xx 000 0 eng d
040 _aGCL /
_cGCL
082 0 4 _a331.1
_bC D
100 1 _aCOOPER, FREDERICK
245 1 0 _aDECOLONIZATION AND AFRICAN SOCIETY: THE LABOR QUESTION IN FRENCH AND BRITISH AFRICA /
_cCOOPER, FREDERICK
260 _a[S.N] :
_bCAMBRIDGE UNIVERSITY PRESS ،
_c1996
300 _a677 P
650 0 4 _aECONOMICS
650 0 4 _aLABOR MOVEMENT - AFRICA - HISTORY
650 0 4 _aDECOLONIZATION - AFRICA - HISTORY
650 0 4 _aFRANCE - COLONIES - AFRICA
942 _2ddc
_cBK
999 _c13997
_d13997